Car Models by Picture #5 - Statistics

General Stats
  • This quiz has been taken 223 times
  • The average score is 7 of 12
Answer Stats
Picture Hint Answer % Correct
Audi TT
88%
McLaren P1
82%
Toyota GR Yaris
80%
Subaru Impreza
76%
Pagani Zonda
74%
Aston Martin Vantage
59%
Volkswagen Up
57%
Hyundai i10
45%
Nissan Patrol
43%
Ford Puma
41%
Vauxhall Insignia
36%
Alfa Romeo Brera
30%
No matching quizzes found
Score Distribution
Percent of People with Each Score
Percentile by Number Answered
Your Score History
You have not taken this quiz